00871nam a2200193 i 4500001000700000003000900007005001700016007000300033008004100036110003600077245013200113260006000245300004400305500016000349505008200509650003300591700003100624852002200655109242ES-MaACL20230906184815.0t|061121s1923 sp r ||||1| spa d2 aEstación Enológica de Reus.10aMemoria correspondiente a los trabajos efectuados... durante los años 1914 a 1920 / cformulada por Claudio Oliveras Massó. aReus : b[s.n.], c1923 (fTall. Gráf. Eduardo Rivas) a227 p. lám. I-46 neg. col. ; c23 cm. aPrecede al tít.: Ministerio de Fomento. Dirección General de Agricultura y Montes, Escuela de Viticultura y Enología, Estación Enológica de Reus.8 aContiene: T. III. Campañas y experimentaciones contra el mildiu y el oidium 4aVid-xPlagas y enfermedades.1 aOliveras Massó, Claudio. aES-MaACLjB-13123